000 00675nam a22002057a 4500
003 3228
005 20260514100318.0
008 260210b sa ||||| |||| 00| 0 eng d
020 _a9781471188565 (hardcover)
_q
040 _aMPL
_beng
_c3228
_erda
082 0 _a170 LIAU
100 _9199511
_aLiataund, Susan
_eauthor
245 _aThe power of ethics :
_bhow to make good choices in a complicated world /
_cby Susan Liautaud and Lisa Sweetingham
260 _a[United Kingdom] :
_bSimon & Schuster,
_cc2021
300 _c 23 cm
_a304 pages
500 _aIncludes index
650 _vDecision making
_xEthics
700 _9199512
_a Sweetingham, Lisa
942 _2ddc
_cBOOK
_y156
_zLettie Matukane
999 _c792347
_d792346